50 Frauennamen in Songtiteln - Statistiken

Allgemein
  • Dieses Quiz wurde 234 mal gespielt
  • Das Durchschnittsergebnis liegt bei 8 aus 50
Antwortstatistiken
Interpret Song % Korrekt
Falco Jeanny
58%
Michael Jackson (Dirty) DianaBillie Jean
50%
Blondie Maria
49%
Pur Lena
47%
FreundeskreisBAP Herbert Grönemeyer Trio Anna
45%
Shakin' Stevens (Marie) Marie(Oh) Julie
36%
Fettes Brot Emanuela
33%
Costa Cordalis Anita
26%
Karel Gott (Biene) Maja
25%
Chris Rea JuliaJoephine
24%
Derek & the DominosEric Clapton DJ Robin und Schürze Layla
23%
Bata Illic Michaela
22%
Rolling Stones Angie
20%
Die Ärzte Claudia
19%
Police Roxanne
19%
Al Bano & Romina Power Felicita
18%
Eddy GrantRoland Kaiser (Gimme Hope) Jo'annaJoana
18%
Beatles MichelleLucy (in the sky with diamonds)
18%
Fleetwood Mac Sara
17%
Barry Manilow Mandy
15%
Steve WinwoodAmy Winehouse Valerie
15%
Dolly PartonWhite Stripes Jolene
14%
Toto Rosanna
14%
Goo Goo Dolls Iris
13%
Leonard Cohen Suzanne(So long), Marianne
12%
Wir sind Helden Aurelie
10%
Joshua Kadison Jessie
10%
Suzanne Vega Luka
10%
MIKADie Ärzte Grace (Kelly)
8%
Rocco Granata Marina
8%
The Kinks Lola
7%
Elton John Nikita
6%
Einstürzende Neubauten Sabrina
5%
Khaled Aicha
4%
Beach Boys Barbara Ann
4%
Europe Carrie
4%
Barry Ryan Eloise
4%
Hubert KahMilliarden Rosemarie
4%
Reinhard Mey Annabelle (ach Annabelle)
3%
Siomn & Garfunkel Cecilia
3%
Boston Amanda
2%
A perfect circle Judith
2%
Chris Andrews (Pretty) Belinda
2%
Vaya con dios Sally
2%
Mike Oldfield Sally
2%
Creedence Clerwateer Revival Suzie (Q)
2%
Johnny Cash (A boy named) Sue
1%
TherapyHüsker Dü Diane
1%
Udo Jürgens Anuschka
0%
Franz Ferdinand Jaqueline
0%
Keine übereinstimmenden Quizze gefunden
Verteilung der Resultate
Anzahl Personen mit jedem Resultat
Perzentil nach korrekt beantworteten Fragen
Ihre Resultats-Entwicklung
Sie haben dieses Quiz noch nicht gespielt